000 00697nam a2200241Ia 4500
003 OSt
005 20220927105029.0
006 a|||||r|||| 00| 0
007 ta
008 220926b |||||||| |||| 00| 0 eng d
024 _a186906
037 _cReference Collections
040 _aRTL
_cRTL
_beng
041 _2eng
_aeng
082 _a"X9(D6,8).2.N60<N48r, K0"
110 _aMARTIN BURN LIMITED
_9369670
245 0 _a"Annual report,1948-60."
260 _aCalcutta
_bMartin Burn Ltd
_c1960
300 _a18p.
_ccm.
700 _aMARTIN BURN LIMITED
_9369671
942 _h"X9(D6,8).2.N60<N48r, K0"
_cCC
999 _c690348
_d690348